000 00606nam a22002177a 4500
999 _c5896
_d5896
003 OSt
005 20190905160432.0
008 171129b xxu||||| |||| 00| 0 eng d
020 _a0485113228
020 _a8123905130
040 _cDNLM
050 _aQV744 P881b 1997
100 _aEdited by Beckett, A.H.; Stenlake, J.B.
_912271
245 _aPractical Pharmaceutical Chemistry
250 _a4th ed. Part I
260 _aNew Delhi; CBS Publishers, 1997
300 _aviii,326p; ill: 22cm
504 _aReferences, & index included
650 _aPharmaceutical Chemistry
_9283
942 _2z
_cB_BANK